LEADER 01066nam0 2200349 450 001 990000910690203316 010 $a88-384-2065-3 035 $a0091069 035 $aUSA010091069 035 $a(ALEPH)000091069USA01 035 $a0091069 100 $a19950404d1994 |||y0itay01 ba 101 $aita 102 $aIT 105 $aa 00||| 200 1 $aDolcissimo Iddio$e41 lettere inedite alla diletta figlia spirituale Giuseppina Morgera$fpadre Pio da Pietrelcina$ga cura di Felice D'Onofrio, Pietro Zarrella 210 $aCasale Monferrato$cPiemme$d1994 215 $a197 p., [2] c. di tav.$cill.$d22 cm 676 $a248.4 700 0$aPio$c: da Pietrelcina$0551893 702 1$aZARRELLA,$bPietro 702 1$aD'ONOFRIO,$bFelice 801 0$aIT$bsalbc$gISBD 912 $a990000910690203316 951 $aXIV 505$b123800 LM$cXIV 959 $aBK 969 $aUMA 979 $aPATTY$b90$c20020128$lUSA01$h1212 979 $c20020403$lUSA01$h1734 979 $aPATRY$b90$c20040406$lUSA01$h1703 996 $aDolcissimo Iddio$9971219 997 $aUNISA LEADER 03423nam 2200601 450 001 9910819417103321 005 20240102112706.0 010 $a9780300256314$belectronic book 010 $a0-300-25631-0 024 7 $a10.12987/9780300256314 035 $a(CKB)4100000011370938 035 $a(MiAaPQ)EBC6273005 035 $a(StDuBDS)EDZ0002390511 035 $a(DE-B1597)567810 035 $a(DE-B1597)9780300256314 035 $a(OCoLC)1198929344 035 $a(EXLCZ)994100000011370938 100 $a20200828e20212020 fy| 0 101 0 $aeng 135 $aurcnu|||||||| 181 $ctxt$2rdacontent 182 $cc$2rdamedia 183 $acr$2rdacarrier 200 14$aThe great inoculator $ethe untold story of Daniel Sutton and his medical revolution /$fGavin Weightman$b[electronic resource] 210 1$aNew Haven :$cYale University Press,$d2021. 215 $a1 online resource (xv, 188 pages, 8 unnumbered pages of plates) $cillustrations 225 1 $aYale scholarship online 300 $aPreviously issued in print: 2020. 311 1 $a0-300-24144-5 320 $aIncludes bibliographical references and index. 327 $tFrontmatter --$tContents --$tPlates --$tAcknowledgements --$tPreface --$t1. Lady Mary?s Revelation --$t2. Saving the Quality --$t3. Is It Worth the Risk? --$t4. A Rural Revolution --$t5. A Most Surprising Fellow --$t6. Sutton the Parvenu --$t7. Sutton?s Th under Stolen --$t8. Sutton Misses the Boat --$t9. A Suttonian in America --$t10. An Imposter in the Family --$t11. Inoculation for the Industrious Poor --$t12. Saving the Nation --$t13. Sutton?s Swan Song --$t14. Cowmania! --$t15. Jenner?s Debt to Sutton --$t16. The Battle for Vaccination --$t17. Sutton and Jenner: The Legacy --$t18. The Mystery of Immunity --$tPostscript: Sutton?s Family --$tNotes --$tBibliography --$tIndex 330 8 $aSmallpox was the scourge of the eighteenth century: it showed no mercy, almost wiping out whole societies. Young and old, poor and royalty were equally at risk - unless they had survived a previous attack. Daniel Sutton, a young surgeon from Suffolk, used this knowledge to pioneer a simple and effective inoculation method to counter the disease. His technique paved the way for Edward Jenner's discovery of vaccination - but, while Jenner is revered, Sutton has been vilified for not widely revealing his methods until later in life. Gavin Weightman reclaims Sutton's importance, showing how the clinician's practical and observational discoveries advanced understanding of the nature of disease. Weightman explores Sutton's personal and professional development, and the wider world of eighteenth-century health in which he practised inoculation. 410 0$aYale scholarship online. 606 $aSurgeons$zGreat Britain$vBiography 606 $aVaccination$xHistory 606 $aSmallpox vaccine$xHistory 607 $aUnited Kingdom 607 $aGreat Britain$2fast 608 $aBiography. 608 $aBiographies.$2fast 608 $aHistory$2fast 608 $aBiographies.$2lcgft 615 0$aSurgeons 615 0$aVaccination$xHistory. 615 0$aSmallpox vaccine$xHistory. 676 $a617.0924 700 $aWeightman$b Gavin$01715669 801 0$bStDuBDS 801 1$bStDuBDS 906 $aBOOK 912 $a9910819417103321 996 $aThe great inoculator$94110517 997 $aUNINA